<?xml version="1.0" encoding="UTF-8"?>
<collection xmlns="http://www.loc.gov/MARC21/slim">
 <record>
  <leader>00657pamaa2200193   4500</leader>
  <controlfield tag="001">0000044447</controlfield>
  <controlfield tag="005">20121212090000.0</controlfield>
  <controlfield tag="008">081020                             eng  </controlfield>
  <datafield tag="020" ind1="0" ind2="0">
   <subfield code="a">0734027257 (DVD) </subfield>
  </datafield>
  <datafield tag="090" ind1="0" ind2="0">
   <subfield code="a">RC732 </subfield>
   <subfield code="b">BER 2005</subfield>
  </datafield>
  <datafield tag="100" ind1="1" ind2="0">
   <subfield code="a">Berney </subfield>
  </datafield>
  <datafield tag="245" ind1="1" ind2="0">
   <subfield code="a">Counting the beat : </subfield>
   <subfield code="b">a five step guide to interpretation of ECG for physiotherapists [</subfield>
   <subfield code="m">DVD]  </subfield>
   <subfield code="c">Sue Berney and Linda Denehy.</subfield>
  </datafield>
  <datafield tag="260" ind1="0" ind2="0">
   <subfield code="a">Melbourne: </subfield>
   <subfield code="b">The School of Physiotherapy, </subfield>
   <subfield code="c">2005.</subfield>
  </datafield>
  <datafield tag="300" ind1=" " ind2=" ">
   <subfield code="a">1 DVD; </subfield>
   <subfield code="c">4.5 inch.</subfield>
  </datafield>
  <datafield tag="501" ind1="0" ind2="0">
   <subfield code="a">SAH</subfield>
  </datafield>
  <datafield tag="504" ind1="0" ind2="0">
   <subfield code="a">Includes bibliographical references</subfield>
  </datafield>
  <datafield tag="650" ind1="0" ind2="0">
   <subfield code="a">Cardiovascular system -- </subfield>
   <subfield code="x">Diseases </subfield>
  </datafield>
  <datafield tag="650" ind1="0" ind2="0">
   <subfield code="a">Physical therapy </subfield>
  </datafield>
  <datafield tag="700" ind1="1" ind2="1">
   <subfield code="a">Denehy, </subfield>
   <subfield code="h">Linda </subfield>
  </datafield>
 </record>
</collection>
